LEADER 00960nam a2200229 u 4500 001 000000089053 003 CaOOAMICUS 005 20070226124558.0 008 051109s1954 it ab u000 u ita u 035 $a11067849 040 $aPUL(R)$bita 100 1 $aPagani, Virginia.$0(OLS)http://pul/name/26518 245 13$aLa storia di Gesł narrata ai fanciulli /$cVirginia Pagani. 250 $a4. ed. 260 $aAssisi :$bEdizioni Pro Civitate Christiana,$c1954. 300 $a202 p. :$bill., ;$c19 cm +$e1 carta geogr 600 04$aIesus Christus$xNarrativa per ragazzi.$0(OLS)http://pul/subject/29109 850 $aPUL 852 $aPUL$W1$xDP1 Fondo Pastorale$y55$mP9 E 11$j112670$nBK-PRI$b $qFondi$B112670$CPULBib$Z2$F112670 $HPUL406 $81 941 1 $a1 996 $6245$aLa storia di Gesł narrata ai fanciulli$9(OLS)http://pul/title/115033 996 $6260$aAssisi :$bEdizioni Pro Civitate Christiana$9(OLS)http://pul/publisher/60727 LEADER 01439nam a2200325 u 4500 001 000000050003 003 CaOOAMICUS 005 20070226115155.0 008 000718s1994 ja a u000 u eng u 020 $a4924971006 035 $a10852478 040 $aPUL$bita 041 1 $aeng$hjpn 100 1 $aTakafusa, Nakamura.$0(OLS)http://pul/name/36067 240 10$aShowa Keizai Shi.$lInglese.$0(OLS)http://pul/title/67345 245 10$aLectures on modern Japanese economic history :$b1926-1994 /$cNakamura Takafusa. 260 $aTokyo :$bLTCB International Library Foundation,$cc1994. 300 $aviii, 325 p. :$bill. ;$c25 cm 490 1 $aLTCB International Library Selection ;$v1 504 $aBibliografia in nota. 650 4$aEconomia$zGiappone.$0(OLS)http://pul/subject/20427 651 4$aGiappone$xPolitica e governo.$0(OLS)http://pul/subject/20425 830 0$aLTCB International Library Selection ;$v1.$0(OLS)http://pul/title/65185 850 $aPUL 852 $aPUL$W1$xDP1 Cons. Gen., Altre Classi 1$y22$m843 I 91$j66335$nBK-PRI$b $qStampati$B66335$CPULBib$Z2$F66335 $H $81 941 1 $a8 961 $aINV: 73278 996 $6020$a4924971006$9(OLS)http://pul/number/63236 996 $6245$aLectures on modern Japanese economic history :$b1926-1994$9(OLS)http://pul/title/67346 996 $6260$aTokyo :$bLTCB International Library Foundation$9(OLS)http://pul/publisher/67109